01342nam a2200325Ia 4500001001200000003000800012006001900020007001500039008004100054010001700095020001800112020001800130040002100148035002100169050002400190082001500214100003400229245014400263260010100407300002600508500002600534504004100560533015200601650003600753650002500789655002900814700003000843710001700873856012600890ebr10619492CaPaEBRm u cr cn|||||||||120924s2012 dcua sb i000 0 eng d z 2012035451 z9780821397275 z9780821397305 aCaPaEBRcCaPaEBR a(OCoLC)82081666214aLA1517b.J67 2012eb04a373.632231 aJoshi, R. D.q(Rajendra Dhoj)10aSecondary education in Ethiopiah[electronic resource] :bsupporting growth and transformation /cRajendra Dhoj Joshi and Adriaan Verspoor. aWashington, DC :bInternational Bank for Reconstruction and Development / The World Bank,c2012. axxxii, 226 p. :bill. a"A World Bank Study". aIncludes bibliographical references. aElectronic reproduction.bPalo Alto, Calif. :cebrary,d2011.nAvailable via World Wide Web.nAccess may be limited to ebrary affiliated libraries. 0aEducation, SecondaryzEthiopia. 0aEducationzEthiopia. 7aElectronic books.2local1 aVerspoor, Adriaan,d1942-2 aebrary, Inc.40uhttp://site.ebrary.com/lib/rucke/Doc?id=10619492zAn electronic book accessible through the World Wide Web; click to view